000 01416pam a2200361 i 4500
001 1492659
003 EG-ScBUE
005 20250522140809.0
008 880422s2006 enka frb 001 0 eng
020 _a9780199298624
020 _a0199298629
040 _aEG-ScBUE
_beng
_erda
_cEG-ScBUE
_dEG-ScBUE
082 0 4 _a530.41
_222
_bHEN
100 1 _aHenderson, B.,
_eauthor.
245 1 0 _aOptical spectroscopy of inorganic solids /
_cB. Henderson, University of Strathclyde and G. F. Imbusch, University College, Galway.
264 1 _aOxford :
_bClarendon Press,
_c2006.
300 _axvi, 645 pages :
_billustrations ;
_c24 cm.
336 _2rdacontent
_atext
_btxt
337 _aunmediated
_2rdamedia
_bn
338 _avolume
_bnc
_2rdacarrier
490 0 _aMonographs on the physics and chemistry of materials ;
_v44
504 _aIncludes bibliographical references and index.
650 7 _aSolids
_xSpectra.
_2BUEsh
650 7 _aIonic crystals
_xSpectra.
_2BUEsh
650 7 _aEnergy-band theory of solids.
_2BUEsh
650 7 _aSolid state chemistry.
_2BUEsh
650 7 _aChemistry, Inorganic.
_2BUEsh
655 _vReading book
700 1 _aImbusch, G. F.
_q(G. Frank),
_eauthor.
856 4 2 _3Publisher description
_uhttp://www.loc.gov/catdir/enhancements/fy0638/88015454-d.html
856 4 1 _3Table of contents only
_uhttp://www.loc.gov/catdir/enhancements/fy0638/88015454-t.html
942 _2ddc
_cBB
999 _c10482
_d10482